1438 1598 1450 1923 1533 1228 1827 1879 1242 1007 1309 1878 1357 1103 1788 1167 1898 1343 1472 1196 1983 1392 1673 1042 1610 1177 1806 1333 1264 1483 1171 1278 1415 1417 1888 1892 1037 1679 1554 1626 1771 1082 1859 1740 1852 1175 1873 1092 1075 1175 1123 1835 1350 1873 1234 1068 1302 1582 1566 1284 1543 1441 1914 1704 1043 1954 1945 1329 1301 1199 1699 1540 1418 1162 1443 1401 1907 1401 1376 1811 1984 1587 1551 1223 1116 1387 1689 1817 1049 1090 1426 1478 1334 1154 1985 1129 1728 1896 1632 BCNSPRNW ULIB Ver.6.0+V

เปลี่ยนเป็นภาษาไทย

Change to English
 แสดงรายละเอียดบรรณานุกรม
  กลับหน้าหลัก

Brief Record : Get Marc (ISO 2709) : E-mail record : QR code < ปิดหน้าต่าง
LEADER : 00000nam 2200000uu 4500
001    13399127476
003     ULIB
008    200604s2018||||th 000 0 tha d
020    ^a9781506258805
020    ^a9781506258829^c1,570 (set)
050 04 ^aPE1128^bL633B
100 1  ^aLougheed, Lin
245 10 ^aBarron s TOEIC :^btest of English for international communication /^cLin Lougheed
246 30 ^aTOEIC : test of English for international communication
250    ^a8th ed.
260    ^aNew York :^bBarron s,^c2018
300    ^ax, 558 p. :^bill ;^c28 cm.
490 0  ^aBarron s the leader in test preparation
490 0  ^aTOEIC superpack
650  0 ^aTest of English for international communication^xStudy guides
650  0 ^aEnglish language^xTextbooks for foreign speakers.
650  0 ^aEnglish language^xExaminations^xStudy guides.
945    ^p0^l0^i28382
999    ^aกัณชพร จุลอักษร
รายการนี้ยังไม่มีแท็ก
คุณยังไม่ได้ล็อกอิน คุณสามารถมีกิจกรรมร่วมกับเว็บไซต์ได้ แต่ต้องล็อกอินก่อน ::
  ล็อกอิน

รายการสื่อสารสนเทศ

ลำดับที่ ประเภท เลขเรียก/บาร์โค้ด สถานที่ สถานะ
1. หนังสือสำรอง
หนังสือสำรอง
PE1128 L633B ฉ.1 
  Barcode: 28382
ห้องสมุดวิทยาเขตนครสวรรค์
►หนังสือทั่วไป:l:General Books
บนชั้น

รายการใกล้เคียง
    ผู้แต่ง [Lougheed, Lin]

BibComment


ยังไม่เคยถูกคอมเมนท์

คอมเมนท์ทรัพยากรรายการนี้
  คอมเมนท์: Barron s TOEIC ..


 Copyright 2026. Bcnsprnw @Library